| 000 | 00606nam a22002177a 4500 | ||
|---|---|---|---|
| 003 | UA-OsUOA | ||
| 001 | 71623 | ||
| 007 | ta | ||
| 008 | 20101123b un ||||| |||| 00| 0 ukr d | ||
| 090 |
_a93 _bБ67 |
||
| 942 | _cMG | ||
| 040 |
_aUA-OsUOA _bukr _cUA-OsUOA _dUA-OsUOA |
||
| 245 |
_aБібліотечка товариства "Знання" Серія "Міжнародна" _cГоловченко В.І. |
||
| 300 | _a70 с. | ||
| 955 | _a0 | ||
| 041 | _aukr | ||
| 080 | _a93 | ||
| 260 | _aК. | ||
| 044 | _aUA | ||
| 650 | 7 |
_a9 Географія. Біографії. Історія _2UDC |
|
| 999 |
_c357911 _d357911 |
||